书目信息 |
| 题名: |
封氏闻见记
|
|
| 作者: | 封寅 著 ;赵贞信 校注 | |
| 分册: | ||
| 出版信息: | 北京 中华书局 1958 |
|
| 页数: | 234页 | |
| 开本: | 19cm | |
| 丛书名: | ||
| 单 册: | ||
| 中图分类: | I264.9 , K242.06 , I242.1 | |
| 科图分类: | ||
| 主题词: | 笔记--中国--唐代 , 史料--中国--唐代 , 小说--中国 | |
| 电子资源: | ||
| ISBN: | ||
| 000 | 00763nam0 2200277 450 | |
| 001 | 1558869015 | |
| 005 | 20150122162148.51 | |
| 010 | @dCNY12.00 | |
| 091 | @a10018.32@d¥0.44 | |
| 100 | @a19970714d1958 em y0chiy0110 ea | |
| 101 | 0 | @achi |
| 102 | @aCN@b110000 | |
| 105 | @ay z 000yy | |
| 200 | 1 | @a封氏闻见记@Afeng shi wen jian ji@9feng shi jian wen ji jiao zhu@e十卷@f(唐)封演著@g赵贞信校注 |
| 210 | @a北京@c中华书局@d1958 | |
| 215 | @a234页@d19cm | |
| 606 | 0 | @a笔记@y中国@z唐代 |
| 606 | 0 | @a史料@y中国@z唐代 |
| 606 | 0 | @a小说@x中国 |
| 690 | @aI264.9@v5 | |
| 690 | @aK242.06@v5 | |
| 690 | @aI242.1@v4 | |
| 701 | 0 | @a封寅@9feng yin@4著 |
| 702 | 0 | @a赵贞信@9zhao zhen xin@4校注 |
| 801 | 0 | @aCN@bTSSF@c20150122 |
| 905 | @aZUCC@dI242.1@eJY55 | |
| 封氏闻见记:十卷/(唐)封演著/赵贞信校注.-北京:中华书局,1958 |
| 234页;19cm |
| ISBN :CNY12.00 |
| ● |
| 相关链接 |
|
|
|
|
正题名:封氏闻见记
索取号:I242.1/JY55
 
预约/预借
| 序号 | 登录号 | 条形码 | 馆藏地/架位号 | 状态 | 备注 |
| 1 | 7856763 | 278567631 | 学院路分馆/ [索取号:I242.1/JY55] | 在馆 |